<?xml version="1.0" encoding="UTF-8"?>
<record
    xmlns:xsi="http://www.w3.org/2001/XMLSchema-instance"
    xsi:schemaLocation="http://www.loc.gov/MARC21/slim http://www.loc.gov/standards/marcxml/schema/MARC21slim.xsd"
    xmlns="http://www.loc.gov/MARC21/slim">

  <leader>00574nam a22002057a 4500</leader>
  <controlfield tag="005">20240223122829.0</controlfield>
  <controlfield tag="008">240223b           ||||| |||| 00| 0 eng d</controlfield>
  <datafield tag="020" ind1=" " ind2=" ">
    <subfield code="a">9789358496963</subfield>
  </datafield>
  <datafield tag="040" ind1=" " ind2=" ">
    <subfield code="a">IN-DiNC</subfield>
    <subfield code="c">IN-DiNC</subfield>
  </datafield>
  <datafield tag="041" ind1=" " ind2=" ">
    <subfield code="d">asm</subfield>
  </datafield>
  <datafield tag="082" ind1=" " ind2=" ">
    <subfield code="a">301.0954</subfield>
    <subfield code="b">BHU</subfield>
  </datafield>
  <datafield tag="100" ind1=" " ind2=" ">
    <subfield code="a">Bhuyan, Dilip Kumar</subfield>
    <subfield code="e">author</subfield>
  </datafield>
  <datafield tag="245" ind1=" " ind2=" ">
    <subfield code="a">Bharatar samajtattwa (Minor2)/</subfield>
    <subfield code="c">by Dilip Kumar Bhuyan and Monsumi Bhuyan</subfield>
  </datafield>
  <datafield tag="250" ind1=" " ind2=" ">
    <subfield code="a">1st ed.</subfield>
  </datafield>
  <datafield tag="260" ind1=" " ind2=" ">
    <subfield code="a">Dibrugarh:</subfield>
    <subfield code="b">Banalata,</subfield>
    <subfield code="c">2023.</subfield>
  </datafield>
  <datafield tag="300" ind1=" " ind2=" ">
    <subfield code="a">275.00</subfield>
  </datafield>
  <datafield tag="650" ind1=" " ind2=" ">
    <subfield code="a">Sociology of India</subfield>
  </datafield>
  <datafield tag="700" ind1=" " ind2=" ">
    <subfield code="a">Bhuyan, Monsumi</subfield>
    <subfield code="e">author</subfield>
  </datafield>
  <datafield tag="942" ind1=" " ind2=" ">
    <subfield code="2">ddc</subfield>
    <subfield code="c">BK</subfield>
  </datafield>
  <datafield tag="999" ind1=" " ind2=" ">
    <subfield code="c">11755</subfield>
    <subfield code="d">11755</subfield>
  </datafield>
  <datafield tag="952" ind1=" " ind2=" ">
    <subfield code="0">0</subfield>
    <subfield code="1">0</subfield>
    <subfield code="2">ddc</subfield>
    <subfield code="4">0</subfield>
    <subfield code="7">0</subfield>
    <subfield code="8">SOCI</subfield>
    <subfield code="a">MAIN</subfield>
    <subfield code="b">MAIN</subfield>
    <subfield code="c">GEN</subfield>
    <subfield code="d">2024-02-23</subfield>
    <subfield code="g">300.00</subfield>
    <subfield code="l">12</subfield>
    <subfield code="o">301.0954 BHU</subfield>
    <subfield code="p">29947</subfield>
    <subfield code="q">2026-04-08</subfield>
    <subfield code="r">2026-03-19 06:33:05</subfield>
    <subfield code="s">2026-03-19</subfield>
    <subfield code="t">1</subfield>
    <subfield code="w">2024-02-23</subfield>
    <subfield code="y">BK</subfield>
  </datafield>
  <datafield tag="952" ind1=" " ind2=" ">
    <subfield code="0">0</subfield>
    <subfield code="1">0</subfield>
    <subfield code="2">ddc</subfield>
    <subfield code="4">0</subfield>
    <subfield code="7">0</subfield>
    <subfield code="8">SOCI</subfield>
    <subfield code="a">MAIN</subfield>
    <subfield code="b">MAIN</subfield>
    <subfield code="c">GEN</subfield>
    <subfield code="d">2024-02-23</subfield>
    <subfield code="g">300.00</subfield>
    <subfield code="l">16</subfield>
    <subfield code="o">301.0954 BHU</subfield>
    <subfield code="p">29948</subfield>
    <subfield code="q">2026-05-30</subfield>
    <subfield code="r">2026-05-12 06:23:25</subfield>
    <subfield code="s">2026-05-12</subfield>
    <subfield code="t">2</subfield>
    <subfield code="w">2024-02-23</subfield>
    <subfield code="y">BK</subfield>
  </datafield>
  <datafield tag="952" ind1=" " ind2=" ">
    <subfield code="0">0</subfield>
    <subfield code="1">0</subfield>
    <subfield code="2">ddc</subfield>
    <subfield code="4">0</subfield>
    <subfield code="7">0</subfield>
    <subfield code="8">SOCI</subfield>
    <subfield code="a">MAIN</subfield>
    <subfield code="b">MAIN</subfield>
    <subfield code="c">GEN</subfield>
    <subfield code="d">2024-02-23</subfield>
    <subfield code="g">300.00</subfield>
    <subfield code="l">16</subfield>
    <subfield code="o">301.0954 BHU</subfield>
    <subfield code="p">29949</subfield>
    <subfield code="q">2026-05-30</subfield>
    <subfield code="r">2026-05-12 05:55:23</subfield>
    <subfield code="s">2026-05-12</subfield>
    <subfield code="t">3</subfield>
    <subfield code="w">2024-02-23</subfield>
    <subfield code="y">BK</subfield>
  </datafield>
  <datafield tag="952" ind1=" " ind2=" ">
    <subfield code="0">0</subfield>
    <subfield code="1">0</subfield>
    <subfield code="2">ddc</subfield>
    <subfield code="4">0</subfield>
    <subfield code="7">0</subfield>
    <subfield code="8">SOCI</subfield>
    <subfield code="a">MAIN</subfield>
    <subfield code="b">MAIN</subfield>
    <subfield code="c">GEN</subfield>
    <subfield code="d">2024-02-23</subfield>
    <subfield code="g">300.00</subfield>
    <subfield code="l">12</subfield>
    <subfield code="o">301.0954 BHU</subfield>
    <subfield code="p">29950</subfield>
    <subfield code="r">2026-03-09 06:38:28</subfield>
    <subfield code="s">2026-02-12</subfield>
    <subfield code="t">4</subfield>
    <subfield code="w">2024-02-23</subfield>
    <subfield code="y">BK</subfield>
  </datafield>
  <datafield tag="952" ind1=" " ind2=" ">
    <subfield code="0">0</subfield>
    <subfield code="1">0</subfield>
    <subfield code="2">ddc</subfield>
    <subfield code="4">0</subfield>
    <subfield code="7">0</subfield>
    <subfield code="8">SOCI</subfield>
    <subfield code="a">MAIN</subfield>
    <subfield code="b">MAIN</subfield>
    <subfield code="c">GEN</subfield>
    <subfield code="d">2024-02-23</subfield>
    <subfield code="g">300.00</subfield>
    <subfield code="l">11</subfield>
    <subfield code="o">301.0954 BHU</subfield>
    <subfield code="p">29951</subfield>
    <subfield code="q">2026-04-09</subfield>
    <subfield code="r">2026-03-20 05:14:44</subfield>
    <subfield code="s">2026-03-20</subfield>
    <subfield code="t">5</subfield>
    <subfield code="w">2024-02-23</subfield>
    <subfield code="y">BK</subfield>
  </datafield>
  <datafield tag="952" ind1=" " ind2=" ">
    <subfield code="0">0</subfield>
    <subfield code="1">0</subfield>
    <subfield code="2">ddc</subfield>
    <subfield code="4">0</subfield>
    <subfield code="7">0</subfield>
    <subfield code="8">SOCI</subfield>
    <subfield code="a">MAIN</subfield>
    <subfield code="b">MAIN</subfield>
    <subfield code="c">GEN</subfield>
    <subfield code="d">2025-02-25</subfield>
    <subfield code="g">330.00</subfield>
    <subfield code="l">8</subfield>
    <subfield code="o">301.0954 BHU</subfield>
    <subfield code="p">30539</subfield>
    <subfield code="q">2026-05-14</subfield>
    <subfield code="r">2026-04-25 08:38:42</subfield>
    <subfield code="s">2026-04-25</subfield>
    <subfield code="t">6</subfield>
    <subfield code="w">2025-02-25</subfield>
    <subfield code="y">BK</subfield>
  </datafield>
  <datafield tag="952" ind1=" " ind2=" ">
    <subfield code="0">0</subfield>
    <subfield code="1">0</subfield>
    <subfield code="2">ddc</subfield>
    <subfield code="4">0</subfield>
    <subfield code="7">0</subfield>
    <subfield code="8">SOCI</subfield>
    <subfield code="a">MAIN</subfield>
    <subfield code="b">MAIN</subfield>
    <subfield code="c">GEN</subfield>
    <subfield code="d">2025-02-25</subfield>
    <subfield code="g">330.00</subfield>
    <subfield code="l">5</subfield>
    <subfield code="o">301.0954 BHU</subfield>
    <subfield code="p">30540</subfield>
    <subfield code="r">2026-04-22 06:22:36</subfield>
    <subfield code="s">2026-04-04</subfield>
    <subfield code="t">7</subfield>
    <subfield code="w">2025-02-25</subfield>
    <subfield code="y">BK</subfield>
  </datafield>
  <datafield tag="952" ind1=" " ind2=" ">
    <subfield code="0">0</subfield>
    <subfield code="1">0</subfield>
    <subfield code="2">ddc</subfield>
    <subfield code="4">0</subfield>
    <subfield code="7">0</subfield>
    <subfield code="8">SOCI</subfield>
    <subfield code="a">MAIN</subfield>
    <subfield code="b">MAIN</subfield>
    <subfield code="c">GEN</subfield>
    <subfield code="d">2025-02-25</subfield>
    <subfield code="g">330.00</subfield>
    <subfield code="l">9</subfield>
    <subfield code="o">301.0954 BHU</subfield>
    <subfield code="p">30541</subfield>
    <subfield code="q">2026-04-25</subfield>
    <subfield code="r">2026-04-01 06:36:49</subfield>
    <subfield code="s">2026-04-01</subfield>
    <subfield code="t">8</subfield>
    <subfield code="w">2025-02-25</subfield>
    <subfield code="y">BK</subfield>
  </datafield>
</record>
